Jennifer Aniston Movies Quiz Stats

 Plays Quiz Updated Dec 14, 2018

Score 0/36 Timer 05:00
0 Plays Today
Year Movie % Correct
2004Along Came Polly
80%
2014Horrible Bosses 2
76.4%
2006The Break-Up
66.8%
2008Marley & Me
52.3%
2013We're the Millers
48%
2009He's Just Not That Into You
47.6%
2014Cake
46.7%
2003Bruce Almighty
41.3%
2018Dumplin'
40.2%
2016Mother's Day
36.4%
1999Office Space
36.4%
2002The Good Girl
35.9%
2016Office Christmas Party
33.5%
1997Picture Perfect
33.2%
2012Wanderlust
29.2%
2005Rumor Has It...
25.7%
2005Derailed
23.2%
2016Storks
22.8%
Year Movie % Correct
1993Leprechaun
22.2%
2017The Yellow Birds
21.5%
2011Horrible Bosses
21.3%
2010Bounty Hunter
20.7%
2006Friends with Money
18.8%
2011Just Go with It
17.6%
1998The Object of My Affection
16.4%
2013Life of Crime
15.9%
2014She's Funny That Way
15.3%
1999The Iron Giant
13.8%
1996She's the One
13.3%
2009Love Happens
11.8%
2001Rock Star
11.5%
2008Management
11.2%
2010The Switch
11%
1997'Til There Was You
5.2%
1998The Thin Pink Line
5%
1996Dream for an Insomniac
4.9%

You're not logged in!

Compare scores with friends on all Sporcle quizzes.
OR
Log In

Sporcle TV

Today on Sporcle TV


Watch our educational content, quiz creation guides, and fun videos on Sporcle TV.

Show Comments

Extras

Top Quizzes Today


Score Distribution

Your Account Isn't Verified!

In order to create a playlist on Sporcle, you need to verify the email address you used during registration. Go to your Sporcle Settings to finish the process.

Report this User

Report this user for behavior that violates our Community Guidelines.

Details: